000 01121nam a22001937a 4500
003 JO-AjAnu
005 20240402120412.0
008 240402b jo ||||| |||| 00| 0 ara d
040 _aJO-AjAnu
_cANU
041 1 _hara
100 1 _aاليازجين، إبراهيم محمود سالم
_eمعد
_965258
245 0 _aدور التوافق بين الفرد والمنظمة في تحقيق التميز التنظيمي في الجامعات الخاصة الأردنية، الحوكمة : كمتغير معدل = The Role of Person - Organization Fit in Achieving organizational Excellence at Jordanian private Universities, Governance : as a Modifying Variable /
_cاعداد إبراهيم محمود سالم اليازجين ؛ اشراف بدر عايد نمر القعيد
260 _c2023
300 _a135 ورقة
500 _aرسالة جامعية (ماجستير) تخصص إدارة الأعمال، جامعة عجلون الوطنية
650 7 _vادارة الأعمال-التميز التنظيمي
700 1 _aالقعيد، بدر عايد
_964879
_eمشرف
942 _2lcc
_cTHS
_n0
999 _c33405
_d33405